LIBRARY & INFORMATION CENTRE, KCAET, TAVANUR

ONLINE PUBLIC ACCESS CATALOGUE (OPAC)

Malabarkalapam : Oru Punarvayana | മലബാർ കലാപം: ഒരു പുനർവായന (Record no. 17613)

MARC details
000 -LEADER
fixed length control field 00461nam a2200157Ia 4500
003 - CONTROL NUMBER IDENTIFIER
control field OSt
008 - FIXED-LENGTH DATA ELEMENTS--GENERAL INFORMATION
fixed length control field 200919s9999||||xx |||||||||||||| ||und||
020 ## - INTERNATIONAL STANDARD BOOK NUMBER
ISBN 9789385045400
041 ## - LANGUAGE CODE
Language code of text/sound track or separate title eng
082 ## - DEWEY DECIMAL CLASSIFICATION NUMBER
Classification number 954.83
Item number JAL/MA
100 ## - MAIN ENTRY--AUTHOR NAME
Personal name Jaleel K T
245 #0 - TITLE STATEMENT
Title Malabarkalapam : Oru Punarvayana
Remainder of title മലബാർ കലാപം: ഒരു പുനർവായന
260 ## - PUBLICATION, DISTRIBUTION, ETC. (IMPRINT)
Place of publication Chintha Publications
Name of publisher Thiruvananthapuram
Year of publication 2022
300 ## - PHYSICAL DESCRIPTION
Number of Pages 216p
942 ## - ADDED ENTRY ELEMENTS (KOHA)
Koha item type Books
Holdings
Withdrawn status Lost status Damaged status Home library Current library Date acquired Source of acquisition Cost, normal purchase price Full call number Accession Number Koha item type
      KAUAET KAUAET 21/02/2023 Donated by KT Jaleel MLA 280.00 954.83 JAL/MA 26105 Books
      KAUAET KAUAET 25/08/2025 Donated by KT Jaleel MLA 280.00 954.83 JAL/MA 26298 Books
free website counter